000 00824nam a2200253 a 4500
001 BRL_109
005 20190320210607.0
008 111012s1978----mx-a######---#000-0#spa-u
041 _aspa
044 _amx
050 4 _aF1226
_b.M49 1978
245 1 0 _aMéxico
_btierra de contrastes
_ctextos Electra y Tonatiúh Gutiérrez ; introducción Pedro Ramírez Vázquez ; fotografía Guillermo Aldana.
260 _aMéxico
_bOlivetti Mexicana
_c1978
300 _a1 v. (sin paginación)
_bil. a color
_c31 cm.
500 _aAu107
651 4 _aMéxico
_xDescripción y viajes
_9103
651 4 _aMéxico
_xHistoria
_9614
700 1 _aGutiérrez, Electra
_922933
700 1 _aGutiérrez, Tonatiúh
_9943
700 1 _aRamírez Vázquez, Pedro
_922934
700 1 _aAldana, Guillermo
_922935
902 _aGRL
942 _2lcc
_cB
999 _c8922
_d8922